<?xml version="1.0" encoding="UTF-8"?>
<record
    xmlns:xsi="http://www.w3.org/2001/XMLSchema-instance"
    xsi:schemaLocation="http://www.loc.gov/MARC21/slim http://www.loc.gov/standards/marcxml/schema/MARC21slim.xsd"
    xmlns="http://www.loc.gov/MARC21/slim">

  <leader>01377nam a22002657a 4500</leader>
  <controlfield tag="005">20170124103120.0</controlfield>
  <datafield tag="010" ind1=" " ind2=" ">
    <subfield code="a">A-720910</subfield>
  </datafield>
  <datafield tag="020" ind1=" " ind2=" ">
    <subfield code="c">00.00</subfield>
    <subfield code="a">8185445788</subfield>
  </datafield>
  <datafield tag="035" ind1=" " ind2=" ">
    <subfield code="a">A-720910</subfield>
  </datafield>
  <datafield tag="037" ind1=" " ind2=" ">
    <subfield code="b">Cen Lib/Ret</subfield>
  </datafield>
  <datafield tag="040" ind1=" " ind2=" ">
    <subfield code="a">DPL</subfield>
    <subfield code="b">HN</subfield>
  </datafield>
  <datafield tag="082" ind1=" " ind2=" ">
    <subfield code="a">335</subfield>
    <subfield code="b">&#x92A;&#x94D;&#x930;&#x927;&#x93E;&#x928; </subfield>
  </datafield>
  <datafield tag="100" ind1=" " ind2=" ">
    <subfield code="a">&#x92A;&#x94D;&#x930;&#x927;&#x93E;&#x928; &#x939;&#x930;&#x93F;&#x936;&#x902;&#x915;&#x930; &#x92A;&#x94D;&#x930;&#x938;&#x93E;&#x926; </subfield>
    <subfield code="9">81689</subfield>
  </datafield>
  <datafield tag="245" ind1=" " ind2=" ">
    <subfield code="a">&#x917;&#x93E;&#x901;&#x927;&#x940;, &#x92E;&#x93E;&#x930;&#x94D;&#x915;&#x94D;&#x938; &#x914;&#x930; &#x92D;&#x93E;&#x930;&#x924; :</subfield>
    <subfield code="c">&#x92A;&#x94D;&#x930;&#x927;&#x93E;&#x928; &#x939;&#x930;&#x93F;&#x936;&#x902;&#x915;&#x930; &#x92A;&#x94D;&#x930;&#x938;&#x93E;&#x926; ; &#x905;&#x928;&#x941;&#x935;&#x93E;&#x926;&#x915; &#x915;&#x943;&#x937;&#x94D;&#x923; &#x91A;&#x948;&#x924;&#x928;&#x94D;&#x92F; </subfield>
    <subfield code="b">&#x92A;&#x94D;&#x930;&#x917;&#x924;&#x93F; &#x915;&#x93E; &#x90F;&#x915; &#x935;&#x948;&#x915;&#x932;&#x94D;&#x92A;&#x93F;&#x915; &#x92A;&#x925; /</subfield>
  </datafield>
  <datafield tag="246" ind1=" " ind2=" ">
    <subfield code="a">Gandhi, marks aur bharat : pragati ka ek vaikalpik path /</subfield>
    <subfield code="b">by Pradhan Harishnakar Prasad ; anuvadak krishn Chaitanya </subfield>
  </datafield>
  <datafield tag="260" ind1=" " ind2=" ">
    <subfield code="a">&#x926;&#x93F;&#x932;&#x94D;&#x932;&#x940; </subfield>
    <subfield code="b">&#x92E;&#x93E;&#x928;&#x915; &#x92A;&#x92C;&#x94D;&#x932;&#x93F;&#x915;&#x947;&#x936;&#x928; </subfield>
    <subfield code="c">1994</subfield>
  </datafield>
  <datafield tag="270" ind1=" " ind2=" ">
    <subfield code="b">&#x926;&#x93F;&#x932;&#x94D;&#x932;&#x940; </subfield>
    <subfield code="a">&#x91C;&#x940;-19, &#x935;&#x93F;&#x91C;&#x92F; &#x91A;&#x94C;&#x915;, &#x932;&#x915;&#x94D;&#x937;&#x94D;&#x92E;&#x940; &#x928;&#x917;&#x930; </subfield>
    <subfield code="e">110092</subfield>
  </datafield>
  <datafield tag="300" ind1=" " ind2=" ">
    <subfield code="a">99&#x92A;&#x943;.</subfield>
    <subfield code="c">20&#x938;&#x947;&#x92E;&#x940;(&#x938;&#x91C;&#x93F;&#x932;&#x94D;&#x926; ) </subfield>
  </datafield>
  <datafield tag="650" ind1=" " ind2=" ">
    <subfield code="a">&#x92E;&#x93E;&#x930;&#x94D;&#x915;&#x94D;&#x938;&#x935;&#x93E;&#x926;&#x940; &#x935;&#x93F;&#x91A;&#x93E;&#x930;&#x927;&#x93E;&#x930;&#x93E; </subfield>
    <subfield code="x"> </subfield>
    <subfield code="z"> </subfield>
    <subfield code="9">81690</subfield>
  </datafield>
  <datafield tag="650" ind1=" " ind2=" ">
    <subfield code="a">&#x92A;&#x942;&#x902;&#x91C;&#x940;&#x935;&#x93E;&#x926;--&#x92D;&#x93E;&#x930;&#x924; </subfield>
    <subfield code="9">81691</subfield>
  </datafield>
  <datafield tag="650" ind1=" " ind2=" ">
    <subfield code="a">Marxist ideology</subfield>
    <subfield code="9">81692</subfield>
  </datafield>
  <datafield tag="650" ind1=" " ind2=" ">
    <subfield code="a">Capitalism - India</subfield>
    <subfield code="9">81693</subfield>
  </datafield>
  <datafield tag="700" ind1=" " ind2=" ">
    <subfield code="a">&#x91A;&#x948;&#x924;&#x928;&#x94D;&#x92F;, &#x915;&#x943;&#x937;&#x94D;&#x923; </subfield>
    <subfield code="9">81694</subfield>
  </datafield>
  <datafield tag="942" ind1=" " ind2=" ">
    <subfield code="2">ddc</subfield>
    <subfield code="c">HN</subfield>
    <subfield code="h">335</subfield>
    <subfield code="m">&#x92A;&#x94D;&#x930;&#x927;&#x93E;&#x928; </subfield>
  </datafield>
  <datafield tag="999" ind1=" " ind2=" ">
    <subfield code="c">118739</subfield>
    <subfield code="d">118739</subfield>
  </datafield>
  <datafield tag="952" ind1=" " ind2=" ">
    <subfield code="0">0</subfield>
    <subfield code="1">0</subfield>
    <subfield code="4">0</subfield>
    <subfield code="7">0</subfield>
    <subfield code="a">L</subfield>
    <subfield code="b">L</subfield>
    <subfield code="d">2015-09-12</subfield>
    <subfield code="e">Cen Lib/Ref</subfield>
    <subfield code="g">0.00</subfield>
    <subfield code="l">0</subfield>
    <subfield code="o">335 &#x92A;&#x94D;&#x930;&#x927;&#x93E;&#x928;</subfield>
    <subfield code="p">A-720910</subfield>
    <subfield code="r">2015-09-12 00:00:00</subfield>
    <subfield code="t">1</subfield>
    <subfield code="v">0.00</subfield>
    <subfield code="w">2015-09-12</subfield>
    <subfield code="y">HN</subfield>
  </datafield>
</record>
